| 000 | 01878nam a2200301Ia 4500 | ||
|---|---|---|---|
| 999 |
_c53120 _d53120 |
||
| 001 | 20159 | ||
| 003 | GE_BSU | ||
| 005 | 20250519164837.0 | ||
| 008 | 181216s1991||||ge |||||||||||||| ||geo|| | ||
| 020 | _aISBN 5-505-01248-5 | ||
| 040 | _cGE_BSU | ||
| 041 | _ageo | ||
| 080 | _a51(075.4) + 514(075.4) + 514(076.1) მ-15 | ||
| 245 |
_aმათემატიკა ნაწ. 2 : გეომეტრია (თეორია და ამოცანათა კრებული) : _bსახელმძღვ. უმაღ. სასწ. მოსამზ. განყ. მსმენელებისა და აბიტურიენტებისათვის / _cს. თოფურია, გ. აბესაძე, გ. ოზბეგაშვილი და სხვ. ; ს. თოფურიას რედაქციით. |
||
| 250 | _aმე-3 გადამუშავებული და შევსებული გამოცემა | ||
| 264 |
_aთბილისი : _b[გ.გ.], _c1991. |
||
| 300 |
_a600 გვ. ; _c21 სმ. |
||
| 504 | _aბიბლიოგრ. : გვ. 591 | ||
| 541 | _h15ლ. | ||
| 653 | _aმათემატიკა | ||
| 653 | _aმათემატიკა - სახელმძღვანელოები აბიტურიენტებისათვის | ||
| 653 | _a გეომეტრია - სახელმძღვანელოები აბიტურიენტებისათვის | ||
| 653 | _a გეომეტრია - ამოცანათა კრებულები | ||
| 700 |
_aთოფურია, ს. _eავტორი _925073 |
||
| 700 |
_aაბესაძე, გ. _eავტორი _91415 |
||
| 700 |
_aოზბეგაშვილი, გ. _eავტორი _91416 |
||
| 942 |
_cBK _2udc |
||